[Event "XII Festival A"]
[Site "Robecchetto con Induno ITA"]
[Date "1999.01.04"]
[Round "4"]
[White "Liscio, Giovanni"]
[Black "Brunetti, Alessandro"]
[Result "0-1"]
[WhiteElo "1804"]
[BlackElo "1824"]
[PlyCount "64"]
[EventDate "1999.01.02"]

1.d4 d5 2.Nf3 Nf6 3.c4 e6 4.Nc3 c6 5.e3 Nbd7 6.Bd3 dxc4 7.Bxc4 b5 8.Bd3 a6
9.O-O c5 10.b3 Bb7 11.Bb2 Rc8 12.Be2 cxd4 13.Nxd4 Bb4 14.Rc1 Qa5 15.Bf3 
Bxf3 16.Qxf3 Ne5 17.Qb7 O-O 18.Ne4 Rxc1 19.Rxc1 Qxa2 20.Ba1 Nd3 21.Nxf6+ 
gxf6 22.Rf1 Be1 23.Qf3 Bxf2+ 24.Kh1 Bh4 25.g3 Bg5 26.h4 Ne5 27.Qh5 Bxe3 
28.Nxe6 Qxb3 29.Nxf8 Kxf8 30.Bxe5 Qe6 31.Rf5 fxe5 32.Rxe5 Qh3# 0-1

[Event "XII Festival A"]
[Site "Robecchetto con Induno ITA"]
[Date "1999.01.04"]
[Round "4"]
[White "Minerva, Enzo"]
[Black "Galli, Fabio"]
[Result "1/2-1/2"]
[WhiteElo "2084"]
[BlackElo "1900"]
[PlyCount "36"]
[EventDate "1999.01.02"]

1.e4 c5 2.Nf3 Nc6 3.d3 e6 4.g3 d5 5.Nbd2 Nf6 6.Bg2 Be7 7.O-O Qc7 8.Re1 O-O
9.e5 Nd7 10.Qe2 b5 11.Nf1 Bb7 12.h4 d4 13.Bf4 Nb4 14.h5 Rfd8 15.N1h2 Rac8 
16.Ng5 Nd5 17.Bd2 N5b6 18.h6 g6 1/2-1/2

[Event "XII Festival A"]
[Site "Robecchetto con Induno ITA"]
[Date "1999.01.04"]
[Round "4"]
[White "Montaruli, Roberto"]
[Black "Bemporad, Filippo"]
[Result "1/2-1/2"]
[WhiteElo "1828"]
[BlackElo "2060"]
[PlyCount "35"]
[EventDate "1999.01.02"]

1.d4 d5 2.Nf3 Nf6 3.c4 c6 4.Nc3 e6 5.e3 Nbd7 6.Bd3 dxc4 7.Bxc4 b5 8.Bd3 a6
9.e4 c5 10.d5 c4 11.dxe6 fxe6 12.Bc2 Qc7 13.O-O Bd6 14.b3 Bb4 15.Ne2 c3 
16.Ned4 Nb6 17.a3 Bd6 18.Nf5 1/2-1/2

[Event "XII Festival A"]
[Site "Robecchetto con Induno ITA"]
[Date "1999.01.04"]
[Round "4"]
[White "Orsi, Massimiliano"]
[Black "Ottolini, Graziano"]
[Result "1/2-1/2"]
[WhiteElo "1813"]
[BlackElo "1815"]
[PlyCount "67"]
[EventDate "1999.01.02"]

1.e4 Nf6 2.e5 Nd5 3.d4 d6 4.Nf3 dxe5 5.Nxe5 g6 6.Bc4 Be6 7.O-O Bg7 8.Re1 
O-O 9.c3 Nd7 10.Nxd7 Qxd7 11.Qf3 c6 12.Bg5 Rae8 13.Nd2 h6 14.Bh4 Bg4 15.
Qd3 e5 16.dxe5 Bxe5 17.Bg3 Bf5 18.Qf1 Bxg3 19.hxg3 Nxc3 20.Rxe8 Rxe8 21.
Re1 Rd8 22.Nf3 Nd5 23.Ne5 Qd6 24.Qe2 Re8 25.g4 Bxg4 26.Qxg4 Rxe5 27.Rxe5 
Qxe5 28.Qc8+ Kg7 29.Qxb7 Qg5 30.Qxc6 Qc1+ 31.Kh2 Qf4+ 32.Kg1 Qc1+ 33.Kh2 
Qf4+ 34.Kg1 1/2-1/2

[Event "XII Festival A"]
[Site "Robecchetto con Induno ITA"]
[Date "1999.01.04"]
[Round "4"]
[White "Pozzoli, Mauro"]
[Black "Larghi, Riccardo"]
[Result "1-0"]
[WhiteElo "1816"]
[BlackElo "1845"]
[PlyCount "41"]
[EventDate "1999.01.02"]

1.e4 c5 2.c3 d5 3.exd5 Qxd5 4.d4 e6 5.Nf3 Nf6 6.Be2 Nc6 7.O-O Be7 8.Be3 
cxd4 9.cxd4 O-O 10.Nc3 Qd8 11.a3 b6 12.Rc1 Bb7 13.Bc4 Rc8 14.Qe2 Nb8 15.
Ne5 Nd5 16.Qg4 Nxe3 17.fxe3 Bd5 18.Bxd5 exd5 19.Rxf7 Rxf7 20.Qe6 Rc6 21.
Qxf7+ 1-0

[Event "XII Festival A"]
[Site "Robecchetto con Induno ITA"]
[Date "1999.01.04"]
[Round "4"]
[White "Quagliarella, Sabino Remo"]
[Black "Brioschi, Camillo"]
[Result "1-0"]
[WhiteElo "1802"]
[BlackElo "1642"]
[PlyCount "123"]
[EventDate "1999.01.02"]

1.d4 Nf6 2.c4 e6 3.Nf3 d5 4.Bg5 Nbd7 5.Nc3 c6 6.e3 Qa5 7.Nd2 Bb4 8.Qc2 O-O
9.Bf4 Re8 10.Bd3 e5 11.dxe5 Nxe5 12.Bxe5 Rxe5 13.O-O Bxc3 14.bxc3 Qc7 15.
cxd5 Rh5 16.g3 cxd5 17.Rfb1 Bg4 18.Rb4 Rc8 19.Rab1 b6 20.c4 Qe5 21.Qb2 
Qxb2 22.R4xb2 dxc4 23.Bxc4 Rhc5 24.Bf1 Bf5 25.Ra1 Rc2 26.Rxc2 Rxc2 27.Nf3 
Be6 28.a4 Ra2 29.Rxa2 Bxa2 30.Nd4 Nd7 31.Nc6 a5 32.Bb5 Kf8 33.Nxa5 Nc5 34.
Nc6 Bb3 35.a5 bxa5 36.Nxa5 Bd5 37.Bc6 Bxc6 38.Nxc6 Ne6 39.f3 f6 40.Nd4 Nc5
41.Kf1 Kf7 42.Ke2 Nd7 43.Kd3 Ne5+ 44.Ke4 g6 45.h3 Ke7 46.f4 Nd7 47.Kf3 f5 
48.g4 Kf6 49.g5+ Kg7 50.e4 fxe4+ 51.Kxe4 h6 52.h4 hxg5 53.hxg5 Nc5+ 54.Ke5
Nd3+ 55.Kd6 Nxf4 56.Ne6+ Nxe6 57.Kxe6 Kg8 58.Kf6 Kf8 59.Kxg6 Kg8 60.Kf6 
Kf8 61.g6 Kg8 62.g7 1-0

[Event "XII Festival A"]
[Site "Robecchetto con Induno ITA"]
[Date "1999.01.04"]
[Round "5"]
[White "Barlocco, Carlo"]
[Black "Gabetto, Flaviano"]
[Result "1/2-1/2"]
[WhiteElo "2245"]
[BlackElo "2053"]
[PlyCount "126"]
[EventDate "1999.01.02"]

1.e4 c6 2.d4 g6 3.f4 d5 4.Nd2 Bg7 5.c3 dxe4 6.Nxe4 Nf6 7.Nxf6+ Bxf6 8.Bc4 
Nd7 9.Nf3 Nb6 10.Bb3 Bg4 11.O-O e6 12.h3 Bxf3 13.Qxf3 a5 14.Kh1 a4 15.Bc2 
h5 16.f5 gxf5 17.Bxf5 exf5 18.Qxf5 Be7 19.Qxf7+ Kd7 20.Re1 Qf8 21.Qe6+ Kd8
22.Bf4 Nd5 23.Bh2 Qf6 24.Qe2 Bd6 25.Be5 Bxe5 26.dxe5 Qg5 27.Rad1 Kc7 28.e6
Rad8 29.Qf2 Rhf8 30.Qc5 b6 31.Qg1 Rfe8 32.Qh2+ Qf4 33.Re5 Qxh2+ 34.Kxh2 
Nf4 35.Rxd8 Kxd8 36.Re4 Nxe6 37.Rxa4 Nc5 38.Ra8+ Ke7 39.Ra7+ Kd6 40.a4 Nb3
41.Rh7 Re5 42.Kg3 Nc5 43.Rh6+ Kd5 44.c4+ Kxc4 45.Rxc6 Re6 46.Rc8 Kb4 47.
Rh8 Re5 48.Rh6 Nxa4 49.Kh4 b5 50.Rxh5 Rxh5+ 51.Kxh5 Nxb2 52.g4 Nc4 53.g5 
Nd6 54.g6 Ne8 55.Kg5 Kc5 56.h4 b4 57.h5 b3 58.h6 b2 59.h7 b1=Q 60.h8=Q 
Qg1+ 61.Kf5 Qb1+ 62.Kf4 Qf1+ 63.Ke3 Qe1+ 1/2-1/2

[Event "XII Festival A"]
[Site "Robecchetto con Induno ITA"]
[Date "1999.01.04"]
[Round "5"]
[White "Bemporad, Filippo"]
[Black "Minerva, Enzo"]
[Result "1-0"]
[WhiteElo "2060"]
[BlackElo "2084"]
[PlyCount "69"]
[EventDate "1999.01.02"]

1.d4 c5 2.e3 e5 3.c3 e4 4.f3 Nf6 5.fxe4 Nxe4 6.Nf3 Be7 7.Bd3 d5 8.O-O O-O 
9.c4 Nf6 10.cxd5 Nxd5 11.e4 Nb4 12.d5 Nxd3 13.Qxd3 f5 14.e5 Be6 15.Rd1 Qb6
16.Qc4 Rd8 17.Nc3 Qb4 18.Qe2 Bf7 19.d6 Nc6 20.dxe7 Rxd1+ 21.Qxd1 Bh5 22.
Nd5 Qe4 23.Nc7 Rb8 24.Qd5+ Kh8 25.Qxe4 fxe4 26.Ng5 Bg6 27.Nd5 Nd4 28.Be3 
h6 29.Rf1 Nf5 30.Ne6 Kg8 31.Bxc5 e3 32.Nxe3 b6 33.Bd6 Nxe3 34.Rf8+ Kh7 35.
Rxb8 1-0

[Event "XII Festival A"]
[Site "Robecchetto con Induno ITA"]
[Date "1999.01.04"]
[Round "5"]
[White "Brioschi, Camillo"]
[Black "Orsi, Massimiliano"]
[Result "1/2-1/2"]
[WhiteElo "1642"]
[BlackElo "1813"]
[PlyCount "134"]
[EventDate "1999.01.02"]

1.d4 d5 2.c4 e6 3.Nc3 c5 4.cxd5 exd5 5.Nf3 Nc6 6.g3 Nf6 7.Bg2 Be7 8.O-O 
O-O 9.Bg5 cxd4 10.Nxd4 h6 11.Be3 Re8 12.Nb3 Bg4 13.h3 Be6 14.Nb5 Qd7 15.
Kh2 Na5 16.Nxa5 Qxb5 17.Nb3 a5 18.a4 Qa6 19.Nc5 Bxc5 20.Bxc5 Bf5 21.Bf3 
Qe6 22.g4 Be4 23.Bd4 Qd6+ 24.Kg2 Bxf3+ 25.exf3 Nd7 26.Rc1 Ne5 27.b3 Ng6 
28.Be3 Rad8 29.f4 d4 30.Bd2 Nxf4+ 31.Bxf4 Qxf4 32.Qd3 Qe4+ 33.Qxe4 Rxe4 
34.Rc4 Re2 35.Rd1 Rb2 36.Rd3 Rd5 37.Kg3 b5 38.axb5 Rxb5 39.Rc8+ Kh7 40.
Rxd4 R5xb3+ 41.f3 Rb4 42.Rd7 Rb7 43.Rxb7 Rxb7 44.Ra8 Rb5 45.Ra7 f6 46.h4 
h5 47.gxh5 Rxh5 48.Kg4 Rb5 49.f4 Kg6 50.Ra6 Rc5 51.Ra7 f5+ 52.Kf3 Kh6 53.
Ke3 Rc3+ 54.Kd4 Ra3 55.Ke5 g6 56.Kf6 Kh5 57.Rh7+ Kg4 58.Kxg6 Kxf4 59.h5 a4
60.h6 Rg3+ 61.Kf6 a3 62.Ra7 Kg4 63.h7 Rh3 64.Kg7 f4 65.h8=Q Rxh8 66.Kxh8 
f3 67.Rxa3 Kg3 1/2-1/2

[Event "XII Festival A"]
[Site "Robecchetto con Induno ITA"]
[Date "1999.01.04"]
[Round "5"]
[White "Brunetti, Alessandro"]
[Black "Ciolac, Gheorghe"]
[Result "0-1"]
[WhiteElo "1824"]
[BlackElo "2389"]
[PlyCount "80"]
[EventDate "1999.01.02"]

1.d4 Nf6 2.c4 e6 3.Nf3 b6 4.a3 Bb7 5.Nc3 d5 6.e3 Nbd7 7.cxd5 exd5 8.Bd3 a6
9.O-O Bd6 10.Re1 O-O 11.Nd2 Re8 12.e4 dxe4 13.Ndxe4 Nxe4 14.Nxe4 Bxh2+ 15.
Kf1 Nf8 16.Bg5 Qd7 17.Qh5 Bxe4 18.Rxe4 Rxe4 19.Bxe4 Re8 20.Qxh2 Rxe4 21.
Be3 Qb5+ 22.Kg1 Qxb2 23.Rf1 Re7 24.a4 Qa3 25.Bf4 Qxa4 26.Bxc7 Qxd4 27.Bd6 
Re8 28.Bxf8 Rxf8 29.Re1 g6 30.Qc7 Rd8 31.g3 Qf6 32.Re4 g5 33.Re2 Kg7 34.
Rc2 Rd1+ 35.Kg2 Rd3 36.Kf1 Qa1+ 37.Kg2 Qd4 38.Kh2 h6 39.Re2 a5 40.Kh3 Qd7+
0-1

[Event "XII Festival A"]
[Site "Robecchetto con Induno ITA"]
[Date "1999.01.04"]
[Round "5"]
[White "Galli, Fabio"]
[Black "Montaruli, Roberto"]
[Result "1/2-1/2"]
[WhiteElo "1900"]
[BlackElo "1828"]
[PlyCount "87"]
[EventDate "1999.01.02"]

1.e4 e6 2.d4 d5 3.exd5 exd5 4.Bd3 Nc6 5.c3 Bd6 6.Ne2 Nce7 7.Bf4 Bf5 8.Bxf5
Nxf5 9.O-O Nf6 10.Nd2 O-O 11.Nf3 Bxf4 12.Nxf4 Qd6 13.Ne5 c5 14.Qd3 g6 15.
Rfe1 Qb6 16.g4 Ne7 17.g5 Ne4 18.Nd7 Qxb2 19.Qe2 Qxe2 20.Rxe2 Nf5 21.Nxf8 
Kxf8 22.Nxd5 Nxg5 23.dxc5 Rc8 24.Ne3 Nxe3 25.Rxe3 Rxc5 26.Rd1 Rc7 27.Rd8+ 
Kg7 28.Red3 Ne4 29.R8d7 Rxc3 30.Rxc3 Nxc3 31.Rxb7 Nxa2 32.Rxa7 Nc3 33.Kg2 
Ne2 34.Ra4 Nc3 35.Rd4 Ne2 36.Rc4 g5 37.Kf3 Nf4 38.h4 h6 39.Rxf4 gxf4 40.h5
Kf6 41.Kxf4 Ke6 42.Ke4 f6 43.f3 f5+ 44.Kd4 1/2-1/2

[Event "XII Festival A"]
[Site "Robecchetto con Induno ITA"]
[Date "1999.01.04"]
[Round "5"]
[White "Larghi, Riccardo"]
[Black "Liscio, Giovanni"]
[Result "1-0"]
[WhiteElo "1845"]
[BlackElo "1804"]
[PlyCount "67"]
[EventDate "1999.01.02"]

1.e4 c6 2.d4 d5 3.e5 Bf5 4.Nf3 e6 5.Be2 c5 6.O-O Nc6 7.c3 cxd4 8.cxd4 Nge7
9.a3 Bg4 10.Nc3 Nf5 11.Be3 Be7 12.Rc1 O-O 13.b4 a6 14.Na4 f6 15.Nc5 Bxc5 
16.bxc5 Bxf3 17.Bxf3 fxe5 18.dxe5 Nxe5 19.Bg4 Qf6 20.Bh3 Nc4 21.Bf4 Nxa3 
22.c6 bxc6 23.Rxc6 Nb5 24.Bg3 Kh8 25.Bxf5 Qxf5 26.Re1 Rfe8 27.Re5 Qf7 28.
h3 Qd7 29.Rb6 Nc3 30.Qd2 Na4 31.Rb4 Ra7 32.Rh5 g6 33.Qd4+ Kg8 34.Rg5 1-0

[Event "XII Festival A"]
[Site "Robecchetto con Induno ITA"]
[Date "1999.01.04"]
[Round "5"]
[White "Ottolini, Graziano"]
[Black "Bonetti, Marco"]
[Result "1-0"]
[WhiteElo "1815"]
[BlackElo "1902"]
[PlyCount "63"]
[EventDate "1999.01.02"]

1.Nf3 Nf6 2.g3 c5 3.c4 Nc6 4.Bg2 g6 5.O-O Bg7 6.d4 cxd4 7.Nxd4 O-O 8.Nc3 
Ng4 9.e3 h5 10.b3 a6 11.Bb2 Nge5 12.h3 Nb4 13.Nd5 Nxd5 14.cxd5 d6 15.Rc1 
Qb6 16.Qe2 Nd7 17.f4 Nc5 18.f5 Bd7 19.Qc2 g5 20.Qd1 Bb5 21.Qxh5 Bxf1 22.
Rxf1 f6 23.h4 gxh4 24.Rf4 hxg3 25.Rg4 Qa5 26.Rxg3 Qe1+ 27.Kh2 Rf7 28.Ne6 
Nxe6 29.dxe6 Qxg3+ 30.Kxg3 Rff8 31.Bxb7 Ra7 32.Bc6 1-0

[Event "XII Festival A"]
[Site "Robecchetto con Induno ITA"]
[Date "1999.01.04"]
[Round "5"]
[White "Pozzoli, Mauro"]
[Black "Quagliarella, Sabino Remo"]
[Result "0-1"]
[WhiteElo "1816"]
[BlackElo "1802"]
[PlyCount "78"]
[EventDate "1999.01.02"]

1.e4 d6 2.d4 Nf6 3.Nc3 c6 4.Nf3 Bg4 5.Be2 Qa5 6.O-O Nbd7 7.Be3 e5 8.dxe5 
dxe5 9.Nd2 Be6 10.Nb3 Qc7 11.a4 Bb4 12.f3 O-O 13.Kh1 Rad8 14.Qe1 Bxb3 15.
cxb3 Nc5 16.Qg3 Nxb3 17.Bg5 Be7 18.Rad1 Rxd1 19.Bxd1 Nd4 20.f4 exf4 21.
Bxf4 Qd8 22.e5 Ne8 23.Ne4 Ne6 24.Bb3 Nxf4 25.Qxf4 Qd3 26.Bc4 Qc2 27.Bxf7+ 
Kh8 28.h4 Qxb2 29.Nd6 Nxd6 30.exd6 Bf6 31.d7 Qe2 32.Be8 Qe7 33.Qd2 Qd8 34.
Re1 Bxh4 35.Qd6 Rg8 36.Bf7 Bxe1 37.Bxg8 Qh4+ 38.Kg1 Bf2+ 39.Kf1 Bb6 0-1

[Event "XII Festival A"]
[Site "Robecchetto con Induno ITA"]
[Date "1999.01.04"]
[Round "5"]
[White "Sabatini, Carlo"]
[Black "Rossi, Giampiero"]
[Result "1-0"]
[WhiteElo "1950"]
[BlackElo "2023"]
[PlyCount "95"]
[EventDate "1999.01.02"]

1.d4 d5 2.c4 e6 3.Nc3 Nf6 4.cxd5 exd5 5.Bg5 c6 6.Qc2 Nbd7 7.e3 Be7 8.Nf3 
O-O 9.Bd3 Re8 10.O-O Nf8 11.Rab1 Ne4 12.Bxe7 Qxe7 13.b4 a6 14.a4 Bf5 15.
Ne2 Bg6 16.Ne5 Nd6 17.Nf4 Bxd3 18.Qxd3 f6 19.Nf3 b5 20.Nd2 Nc4 21.Qc3 Ne6 
22.Ne2 Ng5 23.Ng3 g6 24.Ra1 f5 25.Ra2 Ra7 26.Rfa1 Rea8 27.Nb3 Ne6 28.Ne2 
Ng5 29.Nc5 Ne4 30.Qd3 Nxc5 31.dxc5 Ne5 32.Qd4 Nf7 33.Nf4 Nd8 34.g3 Ne6 35.
Qe5 Nxf4 36.Qxf4 Qb7 37.h4 Kg7 38.h5 a5 39.Qd4+ Kh6 40.axb5 Qxb5 41.hxg6 
Kxg6 42.Kg2 Ra6 43.Qf4 axb4 44.Rxa6 Rxa6 45.Rh1 h5 46.Qd6+ Kg7 47.Rxh5 Qd3
48.Qe7+ 1-0

[Event "XII Festival A"]
[Site "Robecchetto con Induno ITA"]
[Date "1999.01.05"]
[Round "6"]
[White "Bonetti, Marco"]
[Black "Pozzoli, Mauro"]
[Result "0-1"]
[WhiteElo "1902"]
[BlackElo "1816"]
[PlyCount "87"]
[EventDate "1999.01.02"]

1.e4 e6 2.d4 d5 3.Nd2 c5 4.exd5 exd5 5.Bb5+ Bd7 6.Qe2+ Be7 7.Ngf3 Nf6 8.
O-O O-O 9.dxc5 Re8 10.Bxd7 Nbxd7 11.Nb3 Bxc5 12.Qb5 Bb6 13.Bg5 Qc7 14.c3 
Qd6 15.Rad1 a6 16.Qd3 Re4 17.Nbd2 Re6 18.Nd4 Bxd4 19.Qxd4 Rae8 20.Nc4 Qc6 
21.Ne3 Re5 22.Bxf6 Nxf6 23.g3 Qe6 24.Ng2 Re4 25.Qc5 Qh3 26.Rfe1 Ng4 27.
Rxe4 Qxh2+ 28.Kf1 Qh1+ 29.Ke2 Rxe4+ 30.Kd2 Qh6+ 31.f4 Qe6 32.Re1 h5 33.
Rxe4 dxe4 34.Ne3 Nxe3 35.Kxe3 g6 36.a4 Qg4 37.Kxe4 Qxg3 38.Qc8+ Kg7 39.Qc7
Qg2+ 40.Kd4 Qd2+ 41.Kc4 Qxb2 42.Qd6 Qa2+ 43.Kb4 Qe6 44.Qd4+ 0-1

[Event "XII Festival A"]
[Site "Robecchetto con Induno ITA"]
[Date "1999.01.05"]
[Round "6"]
[White "Brunetti, Alessandro"]
[Black "Barlocco, Carlo"]
[Result "0-1"]
[WhiteElo "1824"]
[BlackElo "2245"]
[PlyCount "70"]
[EventDate "1999.01.02"]

1.d4 d5 2.c4 e6 3.cxd5 exd5 4.Nc3 c5 5.Nf3 Nc6 6.g3 Nf6 7.Bg2 Be7 8.O-O 
O-O 9.Bg5 Re8 10.e3 c4 11.Ne5 Be6 12.f4 Nd7 13.Bxe7 Nxe7 14.e4 dxe4 15.
Bxe4 Nf6 16.Bxb7 Rb8 17.Bc6 Rxb2 18.Bxe8 Qxe8 19.Rf2 Rxf2 20.Kxf2 h5 21.
Rb1 Qd8 22.Rb7 Nf5 23.d5 Bc8 24.Nc6 Qe8 25.Ne7+ Nxe7 26.Rxa7 Nf5 27.Qe2 
Qd8 28.Ra8 Kh7 29.Ne4 Qb6+ 30.Kg2 Ne3+ 31.Qxe3 Qxe3 32.Nxf6+ gxf6 33.Rxc8 
Qe4+ 34.Kf2 Qxd5 35.a4 Qd2+ 0-1

[Event "XII Festival A"]
[Site "Robecchetto con Induno ITA"]
[Date "1999.01.05"]
[Round "6"]
[White "Ciolac, Gheorghe"]
[Black "Sabatini, Carlo"]
[Result "1-0"]
[WhiteElo "2389"]
[BlackElo "1950"]
[PlyCount "61"]
[EventDate "1999.01.02"]

1.e4 e5 2.Nf3 Nc6 3.Bc4 Nf6 4.d3 Bc5 5.c3 Qe7 6.O-O d6 7.Nbd2 O-O 8.b4 Bb6
9.a4 a6 10.Bb3 Nh5 11.Nc4 Ba7 12.Bg5 Nf6 13.Ne3 Be6 14.Nd5 Bxd5 15.exd5 
Nb8 16.Nh4 g6 17.Qf3 Nbd7 18.Rae1 Kg7 19.Qh3 h5 20.Kh1 Qe8 21.d4 Nh7 22.
Bc1 Qd8 23.dxe5 Nxe5 24.Qg3 f5 25.f4 Ng4 26.h3 Nhf6 27.c4 Re8 28.hxg4 Nxg4
29.Bb2+ Kh7 30.Nf3 Rxe1 31.Qxe1 1-0

[Event "XII Festival A"]
[Site "Robecchetto con Induno ITA"]
[Date "1999.01.05"]
[Round "6"]
[White "Gabetto, Flaviano"]
[Black "Montaruli, Roberto"]
[Result "1-0"]
[WhiteElo "2053"]
[BlackElo "1828"]
[PlyCount "73"]
[EventDate "1999.01.02"]

1.e4 e6 2.Nf3 c5 3.b4 cxb4 4.d4 Nf6 5.Bd3 b6 6.O-O Ba6 7.a3 Bxd3 8.Qxd3 d5
9.e5 Nfd7 10.axb4 Bxb4 11.c3 Be7 12.c4 dxc4 13.Qe4 Na6 14.Rxa6 Qc8 15.Ra1 
f5 16.Qc2 b5 17.Nc3 a6 18.d5 exd5 19.Nxd5 Qc6 20.Nxe7 Kxe7 21.Nd4 Qd5 22.
Nxf5+ Kd8 23.Bg5+ Kc7 24.Rad1 Qxe5 25.Rfe1 Qc5 26.Re7 Rad8 27.Rxg7 Qe5 28.
Bxd8+ Rxd8 29.Re7 Qc5 30.Qe4 c3 31.Ne3 Qc6 32.Qxh7 Kc8 33.Qf5 b4 34.Re6 
Qa4 35.Qd5 b3 36.Rc6+ Kb8 37.Rxc3 1-0

[Event "XII Festival A"]
[Site "Robecchetto con Induno ITA"]
[Date "1999.01.05"]
[Round "6"]
[White "Galli, Fabio"]
[Black "Bemporad, Filippo"]
[Result "1-0"]
[WhiteElo "1900"]
[BlackElo "2060"]
[PlyCount "107"]
[EventDate "1999.01.02"]

1.e4 c5 2.Nf3 d6 3.d4 cxd4 4.Nxd4 Nf6 5.Nc3 e6 6.Bg5 Be7 7.Qd2 a6 8.Bc4 
Qc7 9.Bb3 Nc6 10.O-O-O Bd7 11.f4 O-O 12.Rhe1 Nxd4 13.Qxd4 Bc6 14.Bxf6 Bxf6
15.Qxd6 Qxd6 16.Rxd6 Bxc3 17.bxc3 Rfc8 18.g3 a5 19.a3 Kf8 20.f5 Ke7 21.Rd2
a4 22.Ba2 Ra5 23.fxe6 fxe6 24.e5 Rc5 25.Rd6 Bd7 26.Rd3 Rxc3 27.Rxc3 Rxc3 
28.Kb2 Rf3 29.Bc4 Bc6 30.Bd3 h6 31.Be4 Bxe4 32.Rxe4 Kd7 33.Rxa4 Rf5 34.Re4
Kc6 35.Kb3 Kd5 36.Rb4 Kc6 37.Rc4+ Kb6 38.Re4 Kc5 39.c3 Kd5 40.Rb4 Kc5 41.
Rxb7 g6 42.a4 Rf1 43.Rg7 Rb1+ 44.Kc2 Rh1 45.Rxg6 Rxh2+ 46.Kb3 Kd5 47.a5 
Kxe5 48.a6 Rh1 49.Kb4 Ra1 50.Kb5 Kd5 51.Rxh6 Rb1+ 52.Ka5 e5 53.a7 Kc5 54.
Ka6 1-0

[Event "XII Festival A"]
[Site "Robecchetto con Induno ITA"]
[Date "1999.01.05"]
[Round "6"]
[White "Larghi, Riccardo"]
[Black "Ottolini, Graziano"]
[Result "1/2-1/2"]
[WhiteElo "1845"]
[BlackElo "1815"]
[PlyCount "48"]
[EventDate "1999.01.02"]

1.e4 Nf6 2.e5 Nd5 3.d4 d6 4.Nf3 dxe5 5.dxe5 Nc6 6.Be2 Bf5 7.a3 e6 8.O-O 
Be7 9.c4 Nb6 10.b4 Qxd1 11.Rxd1 O-O 12.Nc3 Rfd8 13.Be3 Nd7 14.Nd4 Ncxe5 
15.Nxf5 exf5 16.Nd5 Kf8 17.f4 Ng4 18.Bd4 c6 19.Bxg7+ Kxg7 20.Nxe7 Kf6 21.
Ng8+ Kg7 22.Bxg4 fxg4 23.Ne7 Kf6 24.Ng8+ Kg7 1/2-1/2

[Event "XII Festival A"]
[Site "Robecchetto con Induno ITA"]
[Date "1999.01.05"]
[Round "6"]
[White "Rossi, Giampiero"]
[Black "Quagliarella, Sabino Remo"]
[Result "0-1"]
[WhiteElo "2023"]
[BlackElo "1802"]
[PlyCount "94"]
[EventDate "1999.01.02"]

1.d4 d6 2.c4 Nf6 3.Nc3 c6 4.g3 Qc7 5.Bg2 e5 6.Nf3 Nbd7 7.O-O Be7 8.Qc2 O-O
9.Rd1 exd4 10.Nxd4 Ne5 11.b3 Re8 12.Bb2 Bg4 13.f3 Bh5 14.e4 Rad8 15.h3 d5 
16.g4 Bg6 17.f4 Nexg4 18.hxg4 Qxf4 19.Qf2 Qxf2+ 20.Kxf2 dxe4 21.Kg3 h5 22.
Nf5 Bf8 23.Bh3 hxg4 24.Bxg4 Rd3+ 25.Rxd3 exd3 26.Kf4 Nxg4 27.Kxg4 Re5 28.
Nh4 Bh7 29.Nf3 Re6 30.Re1 f5+ 31.Kh3 Rh6+ 32.Kg2 Rg6+ 33.Kf1 Rg3 34.Kf2 f4
35.Nd4 d2 36.Rd1 Rd3 37.Nb1 Bb4 38.a3 Bc5 39.Rxd2 Rxb3 40.Ke2 Bxd4 41.Bxd4
Bxb1 42.Bxa7 Rxa3 43.Rd8+ Kh7 44.Bd4 Bf5 45.Rf8 Bg4+ 46.Kd2 Ra2+ 47.Kc3 
Ra3+ 0-1

[Event "XII Festival A"]
[Site "Robecchetto con Induno ITA"]
[Date "1999.01.05"]
[Round "7"]
[White "Barlocco, Carlo"]
[Black "Galli, Fabio"]
[Result "1-0"]
[WhiteElo "2245"]
[BlackElo "1900"]
[PlyCount "135"]
[EventDate "1999.01.02"]

1.d4 d5 2.Nf3 e6 3.c4 Nf6 4.Nc3 Be7 5.Bg5 b6 6.g3 Nbd7 7.Bg2 Bb7 8.O-O O-O
9.Rc1 c5 10.cxd5 Nxd5 11.Bxe7 Qxe7 12.Re1 N7f6 13.Nxd5 Bxd5 14.dxc5 bxc5 
15.Qa4 Rab8 16.b3 Rfc8 17.Ne5 Qb7 18.e4 Bc6 19.Nxc6 Rxc6 20.Qc4 Rd8 21.
Red1 Qc7 22.e5 Nd5 23.Bxd5 exd5 24.Rxd5 h6 25.Rxd8+ Qxd8 26.b4 Qg5 27.f4 
Qd8 28.bxc5 Qd2 29.Rc2 Qd1+ 30.Kg2 g6 31.Rb2 Qd7 32.Re2 Qe7 33.Rc2 Qd7 34.
Qe4 Kg7 35.Kf2 Kg8 36.Ke2 Qe6 37.Ke3 Qc8 38.Qd5 Qa6 39.Rb2 Qa3+ 40.Rb3 
Qc1+ 41.Kd4 Ra6 42.Qc4 Qa1+ 43.Kd5 Qh1+ 44.Qe4 Qd1+ 45.Qd3 Qh1+ 46.Kc4 Qc6
47.Ra3 Rxa3 48.Qxa3 Qe4+ 49.Kb5 Qb7+ 50.Ka5 Qc7+ 51.Kb4 Qb7+ 52.Kc3 Qf3+ 
53.Kb2 Qe2+ 54.Kb1 Qe4+ 55.Kc1 Qe1+ 56.Kc2 Qe2+ 57.Kc3 Qe3+ 58.Kb4 Qd4+ 
59.Kb5 Qd7+ 60.c6 Qd4 61.Qc5 Qb2+ 62.Ka6 Qxa2+ 63.Kb7 Qb3+ 64.Ka8 Qe6 65.
Qd6 Qf5 66.e6 fxe6 67.Qb8+ Kf7 68.Qb7+ 1-0

[Event "XII Festival A"]
[Site "Robecchetto con Induno ITA"]
[Date "1999.01.05"]
[Round "7"]
[White "Brioschi, Camillo"]
[Black "Larghi, Riccardo"]
[Result "0-1"]
[WhiteElo "1642"]
[BlackElo "1845"]
[PlyCount "56"]
[EventDate "1999.01.02"]

1.d4 Nf6 2.c4 c5 3.Nf3 cxd4 4.Nxd4 d6 5.Nc3 Bd7 6.e4 a6 7.Be2 e6 8.Be3 Qc7
9.O-O Be7 10.f4 Nc6 11.Rc1 O-O 12.Nb3 b6 13.Bf3 Rab8 14.Qe2 Rfc8 15.Nd2 
Be8 16.f5 Ne5 17.fxe6 fxe6 18.b3 Bg6 19.Bf4 Rf8 20.Bxe5 Qc5+ 21.Kh1 Qxe5 
22.Nd1 Rf7 23.Nf2 Rbf8 24.Nd3 Qd4 25.Nf4 Qe5 26.Nxg6 hxg6 27.Bg4 Nxg4 28.
Rxf7 Qxh2# 0-1

[Event "XII Festival A"]
[Site "Robecchetto con Induno ITA"]
[Date "1999.01.05"]
[Round "7"]
[White "Gabetto, Flaviano"]
[Black "Ciolac, Gheorghe"]
[Result "0-1"]
[WhiteElo "2053"]
[BlackElo "2389"]
[PlyCount "56"]
[EventDate "1999.01.02"]

1.e4 e5 2.f4 exf4 3.Nf3 d5 4.exd5 Nf6 5.Bb5+ c6 6.dxc6 Nxc6 7.O-O Qb6+ 8.
d4 Qxb5 9.Re1+ Be7 10.Ne5 Be6 11.c4 Qb6 12.Nxc6 bxc6 13.c5 Qb4 14.a3 Qc4 
15.Bxf4 O-O 16.Be5 Rad8 17.Nd2 Qd5 18.b4 Ng4 19.Nf3 Nxe5 20.Rxe5 Qd7 21.b5
cxb5 22.Rc1 Bd5 23.c6 Qc7 24.Rxd5 Rxd5 25.Qb3 Rfd8 26.Ne5 Bf6 27.Nf3 Bxd4+
28.Nxd4 Rxd4 0-1

[Event "XII Festival A"]
[Site "Robecchetto con Induno ITA"]
[Date "1999.01.05"]
[Round "7"]
[White "Montaruli, Roberto"]
[Black "Pozzoli, Mauro"]
[Result "0-1"]
[WhiteElo "1828"]
[BlackElo "1816"]
[PlyCount "60"]
[EventDate "1999.01.02"]

1.d4 d5 2.Nf3 Nf6 3.c4 e6 4.Nc3 Nbd7 5.e3 c6 6.Bd3 Be7 7.O-O dxc4 8.Bxc4 
b5 9.Bd3 a6 10.e4 Bb7 11.Bf4 c5 12.d5 exd5 13.exd5 Bxd5 14.Bxb5 axb5 15.
Nxd5 Nxd5 16.Qxd5 O-O 17.Rad1 Ra7 18.Qc6 Qb6 19.Ne5 Bf6 20.Qxb6 Nxb6 21.a3
Re8 22.Rd6 Bxe5 23.Bxe5 Nc4 24.Rd5 Nxe5 25.Rxc5 Rb7 26.Rd1 f6 27.Kf1 Nc4 
28.Rdd5 Kf7 29.Rxb5 Rxb5 30.Rxb5 Nd2+ 0-1

[Event "XII Festival A"]
[Site "Robecchetto con Induno ITA"]
[Date "1999.01.05"]
[Round "7"]
[White "Orsi, Massimiliano"]
[Black "Rossi, Giampiero"]
[Result "0-1"]
[WhiteElo "1813"]
[BlackElo "2023"]
[PlyCount "92"]
[EventDate "1999.01.02"]

1.e4 c5 2.Nf3 e6 3.d4 cxd4 4.Nxd4 a6 5.c4 Nf6 6.Nc3 Qc7 7.Be2 Nc6 8.O-O 
Be7 9.Kh1 O-O 10.f4 d6 11.Be3 Bd7 12.Rc1 Rfc8 13.b3 Rab8 14.Bf3 Nxd4 15.
Qxd4 b6 16.Rfd1 Rd8 17.e5 dxe5 18.fxe5 Bc6 19.Qf4 Rxd1+ 20.Rxd1 Bxf3 21.
gxf3 Nd7 22.Qg3 Nf8 23.Ne4 Ng6 24.Nd6 Rd8 25.c5 bxc5 26.Rc1 Bxd6 27.exd6 
Qxd6 28.Qxd6 Rxd6 29.Rxc5 h6 30.Rc8+ Kh7 31.Kg2 Nh4+ 32.Kf2 Nf5 33.Ke2 
Nxe3 34.Kxe3 Rd5 35.Ra8 a5 36.a4 Kg6 37.Rb8 Kf6 38.Ke4 g6 39.Rb5 Rxb5 40.
axb5 Ke7 41.b6 Kd6 42.b7 Kc7 43.Ke5 Kxb7 44.Kf6 Kb6 45.Kxf7 Kb5 46.Kxg6 
Kb4 0-1

[Event "XII Festival A"]
[Site "Robecchetto con Induno ITA"]
[Date "1999.01.05"]
[Round "7"]
[White "Ottolini, Graziano"]
[Black "Liscio, Giovanni"]
[Result "1/2-1/2"]
[WhiteElo "1815"]
[BlackElo "1804"]
[PlyCount "37"]
[EventDate "1999.01.02"]

1.Nf3 Nf6 2.g3 b6 3.Bg2 Bb7 4.d3 d5 5.Nbd2 e6 6.O-O Be7 7.e4 dxe4 8.Ng5 
Nbd7 9.Re1 O-O 10.dxe4 e5 11.Nf1 h6 12.Nf3 Nc5 13.Qxd8 Raxd8 14.Nxe5 Ncxe4
15.Nd3 Rfe8 16.Bf4 Bd6 17.Bxd6 Nxd6 18.Bxb7 Nxb7 19.Ne3 1/2-1/2

[Event "XII Festival A"]
[Site "Robecchetto con Induno ITA"]
[Date "1999.01.05"]
[Round "7"]
[White "Quagliarella, Sabino Remo"]
[Black "Brunetti, Alessandro"]
[Result "1/2-1/2"]
[WhiteElo "1802"]
[BlackElo "1824"]
[PlyCount "77"]
[EventDate "1999.01.02"]

1.d4 d5 2.c4 e6 3.Nc3 c6 4.Nf3 Nf6 5.Bg5 Nbd7 6.e3 Qa5 7.Nd2 Bb4 8.Qc2 
dxc4 9.Bxf6 Nxf6 10.Nxc4 Qc7 11.Bd3 O-O 12.h3 h6 13.O-O b6 14.Ne4 Be7 15.
Ne5 Bb7 16.Rac1 Rac8 17.Nxf6+ Bxf6 18.Ng4 Be7 19.Qe2 Qd6 20.Rfd1 Qb8 21.
Ne5 Qd6 22.Qf3 Ba8 23.Be4 c5 24.Bxa8 Rxa8 25.Nc6 cxd4 26.Rxd4 Qc7 27.Rcd1 
Rac8 28.Nxe7+ Qxe7 29.Rd7 Qb4 30.Rxa7 Qxb2 31.Rdd7 Qe5 32.g3 Qf5 33.Qxf5 
exf5 34.Kg2 g6 35.a4 Ra8 36.Kf3 Kg7 37.Kf4 Rxa7 38.Rxa7 Rc8 39.Ke5 1/2-1/2